Statistiken für Schnelle Mathematik: Vielfachen von 6

Klicken Sie hier um das Quiz zu spielen!

Allgemein

  • Dieses Quiz wurde 285 mal gespielt
  • Das Durchschnittsergebnis liegt bei 9 aus 10

Antwortstatistiken

HintAntwort% Korrekt
2*612
100%
1*66
100%
3*618
95%
4*624
93%
5*630
93%
6*636
93%
7*642
86%
8*648
82%
9*654
68%
10*660
68%

Verteilung der Resultate

Perzentil nach korrekt beantworteten Fragen

Anzahl Personen mit jedem Resultat

Ihre Resultats-Entwicklung

Sie haben dieses Quiz noch nicht gespielt